000 01113nam a22002417a 4500
003 OSt
005 20240709091849.0
008 240708b ||||| |||| 00| 0 eng d
022 _209756159
040 _cAIMIT LIBRARY
082 _a005.368
_bSOFT
110 _aInternational Science Press
_9172852
245 _aJSET :
_cBy International Science Press
_bJournal of software engineering and technology /
260 _aHaryana ;
_bInternational Science Press ,
_c2015,2016,2017.
300 _bHB
_c27.5 cm
440 _aJSET: Journal of software engineering and technology.
_vVol.7 No.1-2/2015, Vol.8 No.1-2/2016, Vol.9 No 1-2/2017.
_9172853
440 _vVol.5 No.1-2/2013, Vol.6 No.1-2/2014.
440 _vVol.2 No.1-2/2010, Vol.3 No.1/2011,Vol.4 No.1-2/2012.
650 _aDesign of adaptive B-spline filter and application to Hybrid echo cancellation
_9172854
650 _aEfficient and optimized allocation of tasks in multirobot workcell
_9172855
650 _aA new perspective on hybrid intelligence and multiresolution analysis in industrial applications
_9172856
942 _2ddc
_cBV
_k005.368 SOFT
999 _c231410
_d231410